O menino Grão de Milho (Registo nº 3681)

Detalhes MARC
000 -Etiqueta do registo
Cabeçalho 00824nam0a2200277 4500
005 - Identificador da versão
Campo de controlo 20240813122040.0
095 ## -
-- PTBN00667790
010 ## - Número internacional normalizado dos livros (ISBN)
Número (ISBN) 9722611100
021 ## - Número do Depósito Legal
Código do país PT
Número 63175-93
100 ## - Dados gerais de processamento
Dados gerais de processamento 20190603d1993 a y0pory5003 ba
102 ## - Pais de publicação ou produção
País de publicação Portugal
101 0# - Língua de publicação
Língua do texto, banda sonora, etc. Português
215 ## - Descrição física 
Indicação específica da natureza do documento e extensão da espécie 11 p.
Outras indicações físicas il. color
200 1# - Titulo e menção de responsabilidade
Título próprio O menino Grão de Milho
Primeira menção de responsabilidade António Torrado
Outras menções de responsabilidade il. Isabel Gouveia
225 1# - Colecção 
Título próprio da colecção Histórias tradicionais portuguesas contadas de novo
Indicação de volume 5
205 ## - Menção da edição
Menção da edição 2ª ed
210 ## - Publicação, Distribuição, etc. 
Lugar da edição, distribuição, etc. Porto
Nome do editor, distribuidor, etc. Civilização
Data da publicação, distribuição, etc. 1993
606 ## - Nome comum usado como assunto
Número de registo de entrada de autoridade 0001335
Palavra de ordem Literatura portuguesa
Subdivisão de assunto Conto
Código do sistema CA
675 ## - Classificação Decimal Universal (CDU)
Notação 821.134.3-34
Edição 3ª ed.
Língua da edição por
702 #1 - Nome de autor-pessoa física (responsabilidade secundária)
Número de registo de entrada de autoridade 0000038
Palavra de ordem Gouveia
Outra parte do nome não tomada para palavra de ordem Isabel Pissarra
Datas 1965-
Código de função Ilustrador / Técnico de desenho computorizado
700 #1 - Nome de autor-pessoa física (responsabilidade principal)
Número de registo de entrada de autoridade 0000033
Palavra de ordem Torrado
Outra parte do nome não tomada para palavra de ordem António
Datas 1939-
966 ## - Identificação da Biblioteca
Sigla EBVEN
942 ## - Elementos de entrada adicionados (Koha)
Tipo de item no Koha Livro
Exemplares
Situação do levantamento Origin of item (home branch) (coded) Biblioteca de empréstimo Código de barras Cota Circulation type (not for loan) Tipo de documento Nota do exemplar Damaged status
  Biblioteca Escolar das Vendas Biblioteca Escolar das Vendas BEV502 8POR TOR   Livro Sem mensagem